000
00288nam a22001337a 4500
008
170818b xxu||||| |||| 00| 0 eng d
020
_a
9781111951672
041
_a
eng
080
_a
51
100
_a
51
101
_a
MAT
245
_a
COLLEGE ALEBRA
_c
HUNGERFORD,TH.W
942
_2
udc
_c
BK
999
_c
24122
_d
24122